Management 2014 business, management and social sciences research

Saved in:
Bibliographic Details
Corporate Authors: Management 2014. [International conference], Prešovská univerzita v Prešove. Fakulta manažmentu
Other Authors: Štefko, Róbert, Frankovský, Miroslav, Vravec, Ján
Format: Book
Language:English
Published: Prešov Bookman 2014
Edition:1. ed.
Subjects:
Tags: Add Tag
No Tags, Be the first to tag this record!

MARC

LEADER 00000nam a2200000 4500
001 0193684
005 20240318114518.8
020 |a 978-80-8165-052-9 
041 0 |a eng 
044 |a SK 
245 1 0 |a Management 2014  |b business, management and social sciences research  |c Róbert Štefko, Miroslav Frankovský, Ján Vravec (Eds.) 
250 |a 1. ed. 
264 1 |a Prešov  |b Bookman  |c 2014 
300 |a 460 s. 
610 2 0 |a ekonómia 
610 2 0 |a podnikanie 
610 2 0 |a manažment 
610 2 0 |a výskum 
610 2 0 |a vývoj sociálny 
610 2 0 |a vývoj hospodársky 
610 2 0 |a riadenie ľudských zdrojov 
610 2 0 |a marketing 
610 2 0 |a inovácia 
610 2 0 |a turistika 
610 2 0 |a hotelierstvo 
610 2 0 |a kúpeľníctvo 
610 2 0 |a rozvoj regionálny 
610 2 0 |a ekonometria 
610 2 0 |a metódy kvantitatívne 
610 2 0 |a informatika 
610 2 0 |a psychológia 
610 2 0 |a prostredie životné 
610 2 0 |a etika 
610 2 0 |a porovnanie medzinárodné 
610 2 0 |a Európa 
610 2 0 |a Slovensko 
700 1 |a Štefko, Róbert 
700 1 |a Frankovský, Miroslav 
700 1 |a Vravec, Ján 
110 2 |a Management 2014. [International conference] 
710 2 |a Prešovská univerzita v Prešove. Fakulta manažmentu